Language Quiz

Random Language or Letter Quiz

Constant Consonants: F&G Quiz Stats

 Plays Quiz Updated Feb 13, 2015

Challenge
Share
Tweet
Embed
Score 0/28 Timer 06:00
0 Plays Today
Clue (Letter-Length) Answer % Correct
'A Song __ Ice And Fire' (F-2)Of
97.5%
Scale note (F-2)Fa
92%
It definitely came before the chicken (G-3)Egg
91.5%
The sixth letter of the alphabet, spelled out (F-3)Eff
91.5%
Slimy stuff (G-3)Goo
90.5%
Scheduled performance for a band (G-3)Gig
89.9%
The Riddler, to Batman (F-3)Foe
87.4%
Start of a logical comparison (F-2)If
86.5%
Golly! (G-3)Gee
84.7%
Lady who was 'Born This Way' (G-4)Gaga
83.7%
In the past (G-3)Ago
83%
Brand of sheepskin boots (G-3)Ugg
82.1%
In the '60s, word with Girl, Dancer or Boots (G-4)Gogo
80.2%
Measurement device for fuel etc (G-5)Gauge
72.8%
Clue (Letter-Length) Answer % Correct
Jazz, Iron or Ice time (G-3)Age
71.4%
Small, high-pitched flute (F-4)Fife
64.1%
Word with Finders, User or Greens (F-3)Fee
57.1%
Lummox (F-3)Oaf
56.1%
Leslie Caron / Maurice Chevalier movie (G-4)Gigi
54.7%
To roughly dig a hole or groove (G-5)Gouge
53.6%
Greek goddess who personifies the Earth (G-4)Gaia
48%
Old-fashioned exclamation of disdain (F-3)Fie
44.9%
Ismaili Imam, ___ Khan (G-3)Aga
44%
Old word for a fever (G-4)Ague
43.9%
Pop of Punk Rock (G-4)Iggy
40.9%
'____ and the Flowertots' (F-4)Fifi
30.2%
Narrow 'S' shaped curve (G-4)Ogee
22.9%
Toy marble made of agate (G-5)Aggie
20.7%

You're not logged in!

Compare scores with friends on all Sporcle quizzes.
Join for Free
OR
Log In

You Might Also Like...

Show Comments

Extras

Top Quizzes Today


Score Distribution

Your Account Isn't Verified!

In order to create a playlist on Sporcle, you need to verify the email address you used during registration. Go to your Sporcle Settings to finish the process.

Report this User

Report this user for behavior that violates our Community Guidelines.

Details: